A TEXT BOOK OF PHRMACEUTICS-1 (Record no. 26355)
[ view plain ]
| 000 -LEADER | |
|---|---|
| fixed length control field | 00366nam a22001577a 4500 |
| 003 - CONTROL NUMBER IDENTIFIER | |
| control field | SGT |
| 082 ## - DEWEY DECIMAL CLASSIFICATION NUMBER | |
| Classification number | 615.1 |
| Item number | P21J |
| 100 ## - MAIN ENTRY--PERSONAL NAME | |
| Personal name | JANI, GIRISH .K |
| 245 ## - TITLE STATEMENT | |
| Title | A TEXT BOOK OF PHRMACEUTICS-1 |
| 250 ## - EDITION STATEMENT | |
| Edition statement | 10TH |
| 260 ## - PUBLICATION, DISTRIBUTION, ETC. (IMPRINT) | |
| Place of publication, distribution, etc | AHMEDABAD |
| Name of publisher, distributor, etc | B.S. SHAH PRAKASHAN |
| Year of Publication | 2021 |
| 300 ## - PAGE DESCRIPTION | |
| No. of Pages | 332+68 |
| 650 ## - SUBJECT ADDED ENTRY--TOPICAL TERM | |
| Topical term or geographic name as entry element | PHARMACEUTICS |
| 653 ## - KEYWORDS--INDEX TERM | |
| Keyword term | SUTICS, PHARMACEUTICS |
| 942 ## - ADDED ENTRY ELEMENTS (KOHA) | |
| Source of classification or shelving scheme | Dewey Decimal Classification |
| Koha item type | Books |
| Withdrawn status | Lost status | Source of classification or shelving scheme | Damaged status | Not for loan | Collection code | Home library | Current library | Shelving location | Date acquired | Cost, normal purchase price | Volume Information (Serial or Books or Non-Book Material) | SGTU | Total Checkouts | Full call number | Accession No. (Barcode) | Date last seen | Bill Date | Koha item type |
|---|---|---|---|---|---|---|---|---|---|---|---|---|---|---|---|---|---|---|
| Dewey Decimal Classification | PHARMACY | SGT FA-FP Library | SGT FA-FP Library | Text Book | 21/05/2024 | 350.00 | 1 | SGTU | 615.1 P21J | FP4691 | 21/05/2024 | 21/05/2024 | Books |